Environment, incentives and the Common Market

Αποθηκεύτηκε σε:
Λεπτομέρειες βιβλιογραφικής εγγραφής
Άλλοι συγγραφείς: Dietz, Frank 1956- (Επιμελητής έκδοσης), Vollebergh, Herman R. J. (Επιμελητής έκδοσης), Vries, Jan L. de (Επιμελητής έκδοσης)
Μορφή: Βιβλίο
Γλώσσα:English
Δημοσίευση: Dordrecht : Kluwer Academic Publishers, 1995
Σειρά:Environment & policy ; ; v. 4
Θέματα:
Ετικέτες: Προσθήκη ετικέτας
Δεν υπάρχουν, Καταχωρήστε ετικέτα πρώτοι!

MARC

LEADER 00000nam a2200000 i 4500
001 1/12263
008 980121s1995 eng d
020 |a 0-7923-3602-X 
035 |1 ΠΑΡ  |a 1997  |l 10018561 
040 |a GR-MY-UA  |b gre  |e aacr 
041 0 |a eng 
082 0 |a 363.70094 
245 1 0 |a Environment, incentives and the Common Market /  |c Edited by Frank J.Dietz, Herman R. J. Vollebergh, and Jan L. de Vries 
260 |a Dordrecht :   |b Kluwer Academic Publishers,   |c 1995 
300 |a 178 p.  |b fig.; tables 
490 1 |a Environment & policy  |v ; v. 4 
504 |a Includes index 
650 0 0 |a Environmental impact charges  |z European Union countries. 
650 0 0 |a Environmental policy  |z European Union countries. 
700 1 |a Dietz, Frank  |d 1956-  |4 edt 
700 1 |a Vollebergh, Herman R. J.  |4 edt 
700 1 |a Vries, Jan L. de.  |4 edt 
830 0 |a Environment & policy ;  |v ; v. 4 
852 |a INST  |b LESVOS  |e 19980121  |h 363.70094 ENV  |p 005100015307  |q 005100015307  |t BK  |y 0 
909 |a Λ  |b 052522 
950 |a 054-1996-07-16